000 00472nam a2200181Ia 4500
008 221030s9999 xx 000 0 und d
020 _a0070589453
041 _aEnglish
082 _a105.23
_bShi
100 _aJ. K. Shim
245 0 _aSchaum`s Outlines of Theory & Problems of Financial Accounting
_cby J. K. Shim, G. J. Siegel
250 _a2nd
260 _bTMH
_aNew Delhi
_c2004
300 _a337
650 _aManagement
700 _aG. J. Siegel
942 _cBK
999 _c3922
_d3922